The 20 Furthermost Capitals - Tokyo - Statistics

General Stats
  • This quiz has been taken 97 times
  • The average score is 12 of 20
Answer Stats
Answer % Correct
Brasilia
97%
Buenos Aires
97%
Santiago
94%
Bogotà
91%
Montevideo
90%
Caracas
86%
La Paz
86%
Lima
84%
Quito
83%
Asunciòn
80%
Georgetown
69%
Paramaribo
69%
Port of Spain
50%
Bridgetown
41%
St.George's
26%
Windhoek
26%
Freetown
13%
Monrovia
9%
Bissau
8%
Conakry
7%
No matching quizzes found
Score Distribution
Percent of People with Each Score
Percentile by Number Answered
Your Score History
You have not taken this quiz